| 000 | 02407cam a22005054a 4500 | ||
|---|---|---|---|
| 001 | muse81275 | ||
| 003 | MdBmJHUP | ||
| 005 | 20210127151515.0 | ||
| 006 | m o d | ||
| 007 | cr||||||||nn|n | ||
| 008 | 190604s2020 nyu o 00 0 eng d | ||
| 010 | _z 2019020874 | ||
| 020 | _a9781501748103 | ||
| 020 | _z9781501748080 | ||
| 035 | _a(OCoLC)1110161709 | ||
| 040 |
_aMdBmJHUP _cMdBmJHUP |
||
| 043 |
_aa-ja--- _ae-ur--- |
||
| 050 | 0 | 4 |
_aHX413 _b.L44 2020 |
| 082 | 0 |
_a320.53/22095209041 _223 |
|
| 100 | 1 |
_aLinkhoeva, Tatiana, _d1979- _eauthor. |
|
| 245 | 1 | 0 |
_aRevolution Goes East _bImperial Japan and Soviet Communism / _cTatiana Linkhoeva. |
| 264 | 1 | _bCornell University Press, | |
| 264 | 3 | _bProject MUSE, | |
| 300 | _a1 online resource (pages cm.) | ||
| 490 | 0 | _aStudies of the Weatherhead East Asian Institute, Columbia University | |
| 504 | _aIncludes bibliographical references and index. | ||
| 505 | 0 | _aBefore 1917 -- Revolution and intervention -- The anti-Western revolution -- Anticommunism within -- Anarchism against Bolshevism -- The Japanese Communist Party and the Comintern -- National socialism and Soviet communism. | |
| 506 | 0 |
_aOpen Access _fUnrestricted online access _2star |
|
| 520 |
_a"This book demonstrates how contemporary discussions of the communist revolution, its containment, and the issue of imperialism played a fundamental role in shaping Japan's interwar imperial society and policies"-- _cProvided by publisher. |
||
| 588 | _aDescription based on print version record. | ||
| 650 | 0 |
_aCommunism _zJapan _xHistory _y20th century. |
|
| 651 | 0 |
_aJapan _xForeign relations _zSoviet Union. |
|
| 651 | 0 |
_aSoviet Union _xForeign relations _zJapan. |
|
| 651 | 0 |
_aSoviet Union _xHistory _yRevolution, 1917-1921 _xInfluence. |
|
| 651 | 0 |
_aJapan _xPolitics and government _y1912-1945. |
|
| 655 | 7 |
_aElectronic books. _2local |
|
| 776 | 1 | 8 |
_iOnline version: _tRevolution goes east. _dIthaca [New York] : Cornell University Press, 2020 _z9781501748097 _w(DLC) 2019980700 |
| 710 | 2 |
_aProject Muse. _edistributor |
|
| 830 | 0 | _aBook collections on Project MUSE. | |
| 856 | 4 | 0 |
_zFull text available: _uhttps://muse.jhu.edu/book/73082/ |
| 999 |
_c25983 _d25983 |
||